[Event "Mittelfrankenliga 05/06 (B1)"]
[Site "Mfr.2005/06-R7"]
[Date "2006.03.19"]
[Round "7.8"]
[White "Habermann, Manfred,Dr."]
[Black "Borel, Bernd"]
[Result "0-1"]
[WhiteElo "1890"]
[BlackElo "1747"]
[Annotator "Herzogenaurach1-Großenseebach1"]
[PlyCount "128"]
[EventDate "2006.03.19"]
[SourceDate "2005.10.17"]

1. d4 Nf6 2. g3 d5 3. Bg2 e6 4. Nf3 c5 5. O-O Nc6 6. c3 Bd7 7. b3 Rc8 8. Ba3 b6
9. Nbd2 Be7 10. Re1 O-O 11. e4 cxd4 12. Bxe7 Qxe7 13. exd5 dxc3 14. Nc4 Nxd5
15. Nd4 Qf6 16. Nb5 Nce7 17. Nbd6 Rc7 18. a4 Bc6 19. Re5 Nb4 20. Bxc6 Rxc6 21.
Ne4 Qg6 22. Nxc3 Qd3 23. Re3 Qxd1+ 24. Rxd1 Ned5 25. Nxd5 Nxd5 26. Red3 Rfc8
27. Ne3 Nf6 28. Rd8+ Ne8 29. Nc4 Kf8 30. R8d7 R6c7 31. R7d4 Ke7 32. f4 g6 33.
g4 Rc5 34. Rd7+ Kf8 35. Rxa7 b5 36. Ne5 R5c7 37. Rxc7 Rxc7 38. axb5 Nf6 39. g5
Nd5 40. Rd4 Rb7 41. b6 Ke7 42. Ra4 Nxb6 43. Rb4 Kd6 44. Rb5 Kc7 45. Nxf7 Kc6
46. Nd8+ Kxb5 47. Nxb7 Nd5 48. Kf2 Nxf4 49. Kf3 e5 50. h4 Kb4 51. Nd6 Kxb3 52.
Ne4 Kc4 53. Nf6 Kd3 54. Ng4 Kd4 55. Nf2 Nd3 56. Nh3 e4+ 57. Ke2 e3 58. Kf3 Ne1+
59. Ke2 Nc2 60. h5 gxh5 61. Kf3 Ne1+ 62. Ke2 Nd3 63. Ng1 Ke4 64. Kf1 h4 0-1

[Event "Mittelfrankenliga 05/06 (B1)"]
[Site "Mfr.2005/06-R7"]
[Date "2006.03.19"]
[Round "7.1"]
[White "Trefny, Vlastimil"]
[Black "Erlbeck, Peter"]
[Result "0-1"]
[WhiteElo "2201"]
[BlackElo "1991"]
[Annotator "SW Nbg.2-SG/TB Erlangen1"]
[PlyCount "76"]
[EventDate "2006.03.19"]
[SourceDate "2005.10.17"]

1. e4 c5 2. Nf3 Nc6 3. d4 cxd4 4. Nxd4 Nf6 5. Nc3 e6 6. Be2 a6 7. O-O Qc7 8.
Kh1 b5 9. f4 b4 10. e5 bxc3 11. exf6 gxf6 12. Nxc6 dxc6 13. b3 f5 14. Qd4 Rg8
15. Bf3 Bb7 16. Be3 Bg7 17. Qb4 a5 18. Qc5 O-O-O 19. Qa7 c5 20. Bxb7+ Qxb7 21.
Qxc5+ Kb8 22. Qxa5 Bd4 23. Rg1 Rd5 24. Bxd4 Rxa5 25. Bxc3 Rc5 26. Be5+ Rxe5 27.
fxe5 Qe4 28. c4 Qxe5 29. a4 f4 30. Rae1 Qh5 31. Ref1 e5 32. b4 Rg6 33. b5 Rh6
34. h3 Qg4 35. Rf3 e4 36. Rb3 e3 37. Rgb1 f3 38. R3b2 e2 0-1

[Event "Mittelfrankenliga 05/06 (B1)"]
[Site "Mfr.2005/06-R7"]
[Date "2006.03.19"]
[Round "7.4"]
[White "Schuster, Norbert[59]"]
[Black "Goetz, Andreas[66]"]
[Result "1/2-1/2"]
[WhiteElo "1960"]
[BlackElo "2101"]
[Annotator "SW Nbg.2-SG/TB Erlangen1"]
[PlyCount "42"]
[EventDate "2006.03.19"]
[SourceDate "2005.10.17"]

1. d4 Nf6 2. Bg5 b6 3. e3 Bb7 4. Nd2 e6 5. Ngf3 Be7 6. Bd3 d5 7. Ne5 Nfd7 8.
Bxe7 Qxe7 9. f4 c5 10. c3 f5 11. Bb5 a6 12. Bxd7+ Nxd7 13. Nxd7 Qxd7 14. Nf3
Qb5 15. Qb3 Bc6 16. Qxb5 axb5 17. Kd2 Ke7 18. a3 Rhc8 19. Rhc1 Bd7 20. Rab1 h6
21. Rg1 Rg8 1/2-1/2

[Event "Mittelfrankenliga 05/06 (B1)"]
[Site "Mfr.2005/06-R7"]
[Date "2006.03.19"]
[Round "7.3"]
[White "Liepold, Stefan"]
[Black "Luther, Helmut"]
[Result "1-0"]
[WhiteElo "2187"]
[BlackElo "1912"]
[Annotator "SW Nbg.2-SG/TB Erlangen1"]
[PlyCount "51"]
[EventDate "2006.03.19"]
[SourceDate "2005.10.17"]

1. e4 d5 2. exd5 Qxd5 3. Nc3 Qa5 4. d4 c6 5. Nf3 Nf6 6. Ne5 Bf5 7. Bc4 e6 8.
Bd2 Nbd7 9. Nxd7 Nxd7 10. Qe2 Bb4 11. a3 Bxc3 12. Bxc3 Qc7 13. g4 Bg6 14. O-O-O
O-O-O 15. f3 Nb6 16. Bb3 h5 17. Bxe6+ Kb8 18. Bb3 Rhe8 19. Qf2 Qf4+ 20. Bd2 Qf6
21. Qg3+ Ka8 22. gxh5 Bxh5 23. Bg5 Qxf3 24. Bxd8 Rxd8 25. Rdf1 Qe4 26. Qg5 1-0

[Event "Mittelfrankenliga 05/06 (B1)"]
[Site "Mfr.2005/06-R7"]
[Date "2006.03.19"]
[Round "7.4"]
[White "Siptitz, Friedrich,Dr."]
[Black "Martin-Fernandez, Rodrigo"]
[Result "1-0"]
[WhiteElo "1949"]
[BlackElo "2057"]
[Annotator "SW Nbg.2-SG/TB Erlangen1"]
[PlyCount "81"]
[EventDate "2006.03.19"]
[SourceDate "2005.10.17"]

1. d4 Nf6 2. c4 c5 3. d5 b5 4. cxb5 a6 5. bxa6 Bxa6 6. Nc3 d6 7. g3 g6 8. Bg2
Bg7 9. Nf3 Nbd7 10. O-O O-O 11. Re1 Qb6 12. h3 Rfb8 13. Qc2 Ne8 14. Rb1 Nc7 15.
Bg5 Ra7 16. Bxe7 Bc4 17. Nd2 Bxa2 18. Nxa2 Rxa2 19. Nc4 Qa7 20. Bxd6 Rb4 21.
Bxc7 Qxc7 22. Ra1 Qa7 23. Rxa2 Qxa2 24. Rc1 Bxb2 25. d6 Nf6 26. Bf3 Kf8 27.
Nxb2 Rxb2 28. Qxc5 Rd2 29. e4 Qb2 30. Re1 Rc2 31. Qa7 Qc3 32. Qe3 Qe5 33. Rd1
Nd7 34. Qh6+ Kg8 35. Bg4 Qf6 36. Qf4 Qd8 37. e5 Nf8 38. Qf6 Qb6 39. d7 Nxd7 40.
Bxd7 Rc7 41. Qxb6 1-0

[Event "Mittelfrankenliga 05/06 (B1)"]
[Site "Mfr.2005/06-R7"]
[Date "2006.03.19"]
[Round "7.5"]
[White "Petzold, Vinzenz"]
[Black "Thuerauf, Peter"]
[Result "0-1"]
[WhiteElo "2068"]
[BlackElo "1882"]
[Annotator "SW Nbg.2-SG/TB Erlangen1"]
[PlyCount "70"]
[EventDate "2006.03.19"]
[SourceDate "2005.10.17"]

1. d4 d5 2. c4 c6 3. Nf3 Nf6 4. Nc3 dxc4 5. a4 Bg4 6. Ne5 Bh5 7. f3 e6 8. g4
Bg6 9. h4 h5 10. Nxg6 fxg6 11. e4 Qc7 12. g5 Qg3+ 13. Kd2 Qf2+ 14. Qe2 Qxd4+
15. Kc2 Nfd7 16. Be3 Qd3+ 17. Qxd3 cxd3+ 18. Bxd3 Bc5 19. Bxc5 Nxc5 20. Bc4
Nba6 21. Rad1 Nb4+ 22. Kb1 Rf8 23. Rh3 Ke7 24. b3 Rad8 25. Rxd8 Rxd8 26. f4
Ncd3 27. f5 gxf5 28. exf5 exf5 29. Re3+ Kf8 30. g6 f4 31. Rf3 Ke7 32. Rf1 Rd6
33. Bf7 Rd4 34. Bc4 Kd6 35. Rf3 Ne5 0-1

[Event "Mittelfrankenliga 05/06 (B1)"]
[Site "Mfr.2005/06-R7"]
[Date "2006.03.19"]
[Round "7.7"]
[White "Weiss, Michael[81]"]
[Black "Switt, Juri"]
[Result "1-0"]
[WhiteElo "1957"]
[BlackElo "1644"]
[Annotator "SW Nbg.2-SG/TB Erlangen1"]
[PlyCount "70"]
[EventDate "2006.03.19"]
[SourceDate "2005.10.17"]

1. d4 d5 2. Nf3 Bf5 3. c4 c6 4. Nc3 Nf6 5. Qb3 b6 6. Ne5 e6 7. e3 Nfd7 8. Nxd7
Nxd7 9. cxd5 cxd5 10. Bb5 Rc8 11. Ba6 Rc6 12. Qa4 Qc7 13. Bd2 Be7 14. Bb5 Rd6
15. Rc1 Qb7 16. Ba6 b5 17. Nxb5 Rxa6 18. Qxa6 Qxa6 19. Nc7+ Kd8 20. Nxa6 Bd3
21. Ba5+ Nb6 22. Nc5 Bg6 23. Na4 Kd7 24. Bxb6 axb6 25. Nxb6+ Kd6 26. Nc8+ Kd7
27. Nxe7 Kxe7 28. O-O Rb8 29. b3 Ra8 30. a4 Rb8 31. Rc3 Kd6 32. Rfc1 h5 33. Rc7
Rb6 34. a5 Ra6 35. b4 Bd3 1-0

[Event "Mittelfrankenliga 05/06 (B1)"]
[Site "Mfr.2005/06-R7"]
[Date "2006.03.19"]
[Round "7.8"]
[White "Bala, Claudio"]
[Black "Salzwedel, Wolfgang"]
[Result "1/2-1/2"]
[WhiteElo "1649"]
[BlackElo "1977"]
[Annotator "SW Nbg.2-SG/TB Erlangen1"]
[PlyCount "53"]
[EventDate "2006.03.19"]
[SourceDate "2005.10.17"]

1. c4 c5 2. Nf3 Nc6 3. Nc3 e5 4. g3 Nf6 5. d3 h6 6. h4 d6 7. Bg2 Be7 8. O-O O-O
9. a3 a6 10. Rb1 Bf5 11. b4 cxb4 12. axb4 Rb8 13. b5 Nd4 14. Nxd4 exd4 15. Nd5
Nxd5 16. Bxd5 Bf6 17. e3 Be6 18. Bg2 Qc7 19. b6 Qc5 20. Qb3 Rfd8 21. e4 Qc8 22.
Kh2 h5 23. Ba3 g6 24. Rfe1 g5 25. hxg5 Bxg5 26. f4 Bf6 27. f5 1/2-1/2

[Event "Mittelfrankenliga 05/06 (B1)"]
[Site "Mfr.2005/06-R7"]
[Date "2006.03.19"]
[Round "7.1"]
[White "Herning, Jens"]
[Black "Promyshlyanskiy, Vitaliy"]
[Result "1-0"]
[WhiteElo "2026"]
[BlackElo "2240"]
[Annotator "NT Nbg.3-Büchenbach/Rh.1"]
[PlyCount "157"]
[EventDate "2006.03.19"]
[SourceDate "2005.10.17"]

1. d4 Nf6 2. c4 Nc6 3. Nf3 e6 4. Nc3 Bb4 5. Qc2 Qe7 6. a3 Bxc3+ 7. Qxc3 d6 8.
g3 a5 9. b3 O-O 10. Bg2 e5 11. d5 Nb8 12. O-O Ne4 13. Qc2 f5 14. Bb2 Na6 15.
Bc3 Nxc3 16. Qxc3 Nc5 17. b4 Ne4 18. Qc2 Bd7 19. Nd2 Nxd2 20. Qxd2 a4 21. Rac1
f4 22. c5 Bb5 23. Rc2 Rf7 24. cxd6 cxd6 25. Rfc1 Qd7 26. Rc3 Raf8 27. f3 Qd8
28. Bh3 Bd7 29. Bxd7 Rxd7 30. Qc2 fxg3 31. hxg3 Qg5 32. Kg2 h5 33. Rc4 Rdf7 34.
Rh1 Rf4 35. Kf2 Rg4 36. Rxg4 Qxg4 37. Rh4 Qg5 38. Qxa4 e4 39. Rxe4 Qxd5 40. Qc2
b5 41. Kg2 Qg5 42. Qd3 d5 43. Qxb5 Rf5 44. Re8+ Kh7 45. Qb8 Kg6 46. Qd6+ Rf6
47. Re6 Qd2 48. Qe5 Qa2 49. Rxf6+ gxf6 50. Qe3 Qb2 51. Qd3+ Kg7 52. b5 f5 53.
Kf2 f4 54. Qxd5 fxg3+ 55. Kxg3 Qxe2 56. Qd4+ Kh6 57. b6 Qe1+ 58. Kf4 Qh4+ 59.
Ke5 Qe7+ 60. Kf5 Qh7+ 61. Ke6 Qg8+ 62. Kd7 Qf7+ 63. Kc8 Qe6+ 64. Kc7 Qe7+ 65.
Qd7 Qe1 66. Qd6+ Kg5 67. Qc5+ Kh4 68. b7 Qg3+ 69. Kb6 Qg6+ 70. Ka5 Qg8 71. Qb4+
Kh3 72. b8=Q Qd5+ 73. Ka6 Qc6+ 74. Ka7 Qd7+ 75. Q8b7 Qd3 76. Qc5 Qg6 77. Qd7+
Kg2 78. f4 Qb1 79. Qe3 1-0

[Event "Mittelfrankenliga 05/06 (B1)"]
[Site "Mfr.2005/06-R7"]
[Date "2006.03.19"]
[Round "7.2"]
[White "Vogiatzis, Dimitrios"]
[Black "Adler, Herbert"]
[Result "1/2-1/2"]
[WhiteElo "1955"]
[BlackElo "2009"]
[Annotator "NT Nbg.3-Büchenbach/Rh.1"]
[PlyCount "65"]
[EventDate "2006.03.19"]
[SourceDate "2005.10.17"]

1. e4 e6 2. Nf3 d5 3. e5 c5 4. c3 Bd7 5. Bd3 Nc6 6. O-O Nge7 7. Re1 d4 8. Be4
Rb8 9. b4 Ng6 10. Bxg6 hxg6 11. b5 Na5 12. cxd4 Bxb5 13. dxc5 Bxc5 14. d4 Bb4
15. Bd2 Bxd2 16. Nbxd2 g5 17. h3 Bc6 18. Ne4 f6 19. exf6 gxf6 20. Nc5 Kf7 21.
Nxe6 Qd5 22. Qd3 Rbg8 23. Rac1 g4 24. Nf4 Qd6 25. Ne5+ fxe5 26. Rxe5 b6 27.
hxg4 Bd7 28. Rce1 Nc6 29. Rf5+ Bxf5 30. Qxf5+ Qf6 31. Qd5+ Kg7 32. Ne6+ Kg6 33.
Qxc6 1/2-1/2

[Event "Mittelfrankenliga 05/06 (B1)"]
[Site "Mfr.2005/06-R7"]
[Date "2006.03.19"]
[Round "7.3"]
[White "Haeckler, Daniel"]
[Black "Ederer, Rene"]
[Result "0-1"]
[WhiteElo "2054"]
[BlackElo "1936"]
[Annotator "NT Nbg.3-Büchenbach/Rh.1"]
[PlyCount "92"]
[EventDate "2006.03.19"]
[SourceDate "2005.10.17"]

1. e4 c5 2. Nf3 e6 3. d4 cxd4 4. Nxd4 Nf6 5. Nc3 d6 6. Bg5 Be7 7. f4 a6 8. Qf3
Qc7 9. O-O-O Nbd7 10. g4 b5 11. Bxf6 Nxf6 12. g5 Nd7 13. f5 Bxg5+ 14. Kb1 Nf6
15. fxe6 fxe6 16. Bxb5+ Kf7 17. Ba4 Bd7 18. Bb3 Rhe8 19. h4 Bh6 20. Nf5 Rf8 21.
Nxh6+ gxh6 22. Qf4 Ke7 23. Qxh6 Bc6 24. Rhf1 Rf7 25. Qg5 Rg8 26. Qe3 Rg4 27.
Qh3 h5 28. Rfe1 Qc8 29. e5 dxe5 30. Rxe5 Bd7 31. Rde1 Kf8 32. Bxe6 Bxe6 33.
Rxe6 Qxe6 34. Qh1 Ne4 35. Ka1 Rgf4 36. a3 Re7 37. Qh2 Rf2 38. Qb8+ Re8 39. Rxe4
Rf1+ 40. Nb1 Qxe4 41. Qd6+ Qe7 42. Qh6+ Qg7 43. Qxa6 Qf6 44. Qb5 Ree1 45. Qc5+
Kg7 46. Qc7+ Kh6 0-1

[Event "Mittelfrankenliga 05/06 (B1)"]
[Site "Mfr.2005/06-R7"]
[Date "2006.03.19"]
[Round "7.4"]
[White "Renner, Christian"]
[Black "Kirch, Dietmar"]
[Result "1-0"]
[WhiteElo "1920"]
[BlackElo "2035"]
[Annotator "NT Nbg.3-Büchenbach/Rh.1"]
[PlyCount "95"]
[EventDate "2006.03.19"]
[SourceDate "2005.10.17"]

1. d4 d5 2. c4 e6 3. Nc3 Be7 4. Nf3 Nf6 5. Bf4 O-O 6. e3 c5 7. dxc5 Bxc5 8. a3
b6 9. cxd5 exd5 10. Bd3 Bb7 11. O-O Ne4 12. Nb5 Nc6 13. Nfd4 a6 14. Nxc6 Bxc6
15. Nc7 Ra7 16. Nxa6 Be7 17. Nb4 Bxb4 18. axb4 Qa8 19. Rxa7 Qxa7 20. Qc2 Ba8
21. f3 Nf6 22. Be5 Qe7 23. Qc7 Qe6 24. Bd4 Rc8 25. Qxb6 Qxb6 26. Bxb6 Bb7 27.
Ra1 Ra8 28. Rc1 Rc8 29. Ra1 Ra8 30. Rxa8+ Bxa8 31. Bb5 h6 32. Kf2 Nh7 33. Ke2
Ng5 34. Ba6 Ne6 35. Ba5 Kf8 36. b5 Ke7 37. b6 Nd8 38. Bb5 g6 39. Bb4+ Ke6 40.
Kd3 Nc6 41. Bf8 h5 42. Ba6 Nd8 43. Bc8+ Kf6 44. Kc3 Bc6 45. Bd6 Nb7 46. Bc7 Nc5
47. b4 d4+ 48. exd4 1-0

[Event "Mittelfrankenliga 05/06 (B1)"]
[Site "Mfr.2005/06-R7"]
[Date "2006.03.19"]
[Round "7.5"]
[White "Braun, Robert[74]"]
[Black "Vogiatzis, Joannis"]
[Result "0-1"]
[WhiteElo "1960"]
[BlackElo "1921"]
[Annotator "NT Nbg.3-Büchenbach/Rh.1"]
[PlyCount "70"]
[EventDate "2006.03.19"]
[SourceDate "2005.10.17"]

1. e4 c5 2. Nf3 e6 3. d4 cxd4 4. Nxd4 a6 5. Bd3 Bc5 6. Nb3 Be7 7. O-O Nc6 8. c4
d6 9. Nc3 Nf6 10. Be3 Ne5 11. Be2 Qc7 12. Rc1 b6 13. Nd4 Bb7 14. f4 Ned7 15.
Bf3 O-O 16. b4 Rac8 17. a3 Rfe8 18. h3 Qb8 19. Qd3 Bd8 20. Rfd1 Bc7 21. Nde2
Rcd8 22. Nd4 Qa8 23. Re1 Qb8 24. Rc2 Kh8 25. g4 Ne5 26. Qe2 Nxf3+ 27. Qxf3 Qa8
28. Bf2 Rc8 29. g5 Nd7 30. Qh5 Kg8 31. Bg3 b5 32. Kh2 Bb6 33. Nf3 Rxc4 34. f5
exf5 35. Nd5 Rxc2+ 0-1

[Event "Mittelfrankenliga 05/06 (B1)"]
[Site "Mfr.2005/06-R7"]
[Date "2006.03.19"]
[Round "7.6"]
[White "Krauss, Hermann"]
[Black "Schoenberger, Andreas"]
[Result "1-0"]
[WhiteElo "1999"]
[BlackElo "1965"]
[Annotator "NT Nbg.3-Büchenbach/Rh.1"]
[PlyCount "79"]
[EventDate "2006.03.19"]
[SourceDate "2005.10.17"]

1. c4 Nf6 2. Nc3 g6 3. e4 d6 4. d4 Bg7 5. Nf3 O-O 6. Be2 Nbd7 7. O-O e5 8. Re1
exd4 9. Nxd4 Re8 10. f3 Ne5 11. Be3 Bd7 12. Qd2 Nc6 13. Bf1 Nxd4 14. Bxd4 Be6
15. Rad1 c6 16. Bf2 Bf8 17. Qd4 Nd7 18. Kh1 Ne5 19. c5 Bg7 20. Qxd6 Qa5 21. Qd2
Rad8 22. Qc2 Nd7 23. Na4 Bxa2 24. b3 b5 25. cxb6 axb6 26. Qxa2 b5 27. Bh4 g5
28. Bxg5 Ra8 29. Qd2 bxa4 30. Qxa5 Rxa5 31. Bd2 Ra7 32. Be3 Rb7 33. bxa4 Ra8
34. Rc1 Rc7 35. Bb5 Ne5 36. f4 Ng4 37. Bg1 c5 38. Rxc5 Rxc5 39. Bxc5 Bh6 40. g3
1-0

[Event "Mittelfrankenliga 05/06 (B1)"]
[Site "Mfr.2005/06-R7"]
[Date "2006.03.19"]
[Round "7.7"]
[White "Kittsteiner, Peter"]
[Black "Bayer, Marius"]
[Result "1-0"]
[WhiteElo "1864"]
[BlackElo "1879"]
[Annotator "NT Nbg.3-Büchenbach/Rh.1"]
[PlyCount "63"]
[EventDate "2006.03.19"]
[SourceDate "2005.10.17"]

1. e4 c5 2. c3 e5 3. d3 d5 4. exd5 Qxd5 5. Be2 Nc6 6. Nf3 Nf6 7. O-O Be7 8. c4
Qd6 9. Nc3 Bf5 10. Nh4 Be6 11. f4 Nd7 12. Nb5 Qb8 13. f5 Bxc4 14. dxc4 Bxh4 15.
Nd6+ Ke7 16. f6+ Bxf6 17. Nf5+ Kf8 18. Qxd7 Qd8 19. Qxb7 Nd4 20. Qe4 Rb8 21.
Rb1 Qd7 22. Bg4 Qa4 23. Nxd4 cxd4 24. b3 Qb4 25. Qf5 h6 26. a3 Qd6 27. b4 Ke7
28. Bf3 Rhe8 29. Bd5 Rec8 30. Bd2 a5 31. bxa5 Qxa3 32. Qxc8 1-0

[Event "Mittelfrankenliga 05/06 (B1)"]
[Site "Mfr.2005/06-R7"]
[Date "2006.03.19"]
[Round "7.8"]
[White "Puehn, Georg"]
[Black "Vasilache, Catalin"]
[Result "1/2-1/2"]
[WhiteElo "1890"]
[BlackElo "1912"]
[Annotator "NT Nbg.3-Büchenbach/Rh.1"]
[PlyCount "87"]
[EventDate "2006.03.19"]
[SourceDate "2005.10.17"]

1. e4 d5 2. exd5 Nf6 3. d4 Nxd5 4. Nf3 Bg4 5. Be2 e6 6. O-O Be7 7. c4 Nb6 8.
Nc3 O-O 9. b3 Bf6 10. Ne4 Bxf3 11. Nxf6+ Qxf6 12. Bxf3 c6 13. Be3 N8d7 14. Qd2
Rfe8 15. Rfe1 h6 16. Rad1 Rad8 17. Qa5 Nc8 18. Qc7 e5 19. Bg4 exd4 20. Bf4 Ndb6
21. h3 Rxe1+ 22. Rxe1 d3 23. Bd2 Rf8 24. Qg3 Rd8 25. Bf3 Nd6 26. Bg4 Ndxc4 27.
bxc4 Nxc4 28. Rd1 Qb2 29. Qf4 Qxa2 30. Bh5 Nxd2 31. Rxd2 Qd5 32. Bf3 Qd6 33.
Qc4 Re8 34. g3 Qd7 35. Kg2 Rd8 36. Be4 Qd6 37. Rxd3 Qe7 38. Bf3 Rxd3 39. Qxd3
g6 40. Qd2 Qf8 41. Qa5 a6 42. Qb6 Qe7 43. h4 h5 44. Kf1 1/2-1/2

[Event "Mittelfrankenliga 05/06 (B1)"]
[Site "Mfr.2005/06-R7"]
[Date "2006.03.19"]
[Round "7.1"]
[White "Hoermann, Gunther"]
[Black "Basting, Steffen"]
[Result "1-0"]
[WhiteElo "2131"]
[BlackElo "1973"]
[Annotator "SF Fürth1-Cadolzburg1"]
[PlyCount "81"]
[EventDate "2006.03.19"]
[SourceDate "2005.10.17"]

1. e4 c5 2. Nc3 Nc6 3. Bb5 g6 4. Bxc6 dxc6 5. d3 Bg7 6. Be3 b6 7. Qd2 e5 8. f4
exf4 9. Bxf4 Ne7 10. Nf3 O-O 11. Bh6 Bg4 12. O-O-O Bxf3 13. gxf3 Qd7 14. h4 Qd4
15. h5 Rfe8 16. Bxg7 Qxg7 17. Rdg1 Rad8 18. f4 c4 19. Rh3 cxd3 20. cxd3 f5 21.
hxg6 hxg6 22. Qh2 b5 23. Rh1 Qd4 24. e5 Kf7 25. Rh7+ Ke6 26. Qh4 Qe3+ 27. Kb1
Rd4 28. Re1 Qxd3+ 29. Ka1 Nd5 30. Rxa7 Qd2 31. Qh1 Qxf4 32. Nxd5 Rxd5 33. Qh7
Rxe5 34. Qxg6+ Kd5 35. Rd7+ Kc4 36. Qxc6+ Rc5 37. b3+ Kb4 38. a3+ Kxb3 39. Rd3+
Kc4 40. Rc3+ Kxc3 41. Qxc5+ 1-0

[Event "Mittelfrankenliga 05/06 (B1)"]
[Site "Mfr.2005/06-R7"]
[Date "2006.03.19"]
[Round "7.2"]
[White "Kociurzynski, Andre"]
[Black "Rausch, Wolfgang"]
[Result "1/2-1/2"]
[WhiteElo "1967"]
[BlackElo "2071"]
[Annotator "SF Fürth1-Cadolzburg1"]
[PlyCount "70"]
[EventDate "2006.03.19"]
[SourceDate "2005.10.17"]

1. e4 c6 2. d4 d5 3. exd5 cxd5 4. c4 Nf6 5. Nc3 g6 6. Qb3 Bg7 7. cxd5 O-O 8.
Nge2 Nbd7 9. g3 Nb6 10. Bg2 Bg4 11. Nf4 Ne8 12. Be3 Nd6 13. O-O Nbc4 14. Ne4
Nxe4 15. Bxe4 Nd6 16. Bg2 Rc8 17. Rac1 Qa5 18. Rc5 Qa6 19. Rfc1 b6 20. Rc7 Rxc7
21. Rxc7 Rc8 22. Bf1 Qa5 23. Rxc8+ Bxc8 24. Nd3 Ba6 25. Qc3 Qxc3 26. bxc3 Ne4
27. Nc5 bxc5 28. Bxa6 cxd4 29. cxd4 Nd6 30. g4 h6 31. f3 Kf8 32. Kf2 Ke8 33.
Ke2 Kd7 34. Bd2 h5 35. Kd3 hxg4 1/2-1/2

[Event "Mittelfrankenliga 05/06 (B1)"]
[Site "Mfr.2005/06-R7"]
[Date "2006.03.19"]
[Round "7.3"]
[White "Strobel, Norbert"]
[Black "Kirbach, Thomas"]
[Result "0-1"]
[WhiteElo "1998"]
[BlackElo "1936"]
[Annotator "SF Fürth1-Cadolzburg1"]
[PlyCount "70"]
[EventDate "2006.03.19"]
[SourceDate "2005.10.17"]

1. d4 Nf6 2. Nf3 d6 3. g3 g6 4. Bg2 Bg7 5. O-O c6 6. b3 Bf5 7. Nh4 Be6 8. f4
Qd7 9. e4 Bh3 10. e5 dxe5 11. fxe5 Nd5 12. c4 Nc7 13. Bb2 Bxg2 14. Kxg2 O-O 15.
Nf3 Nba6 16. Nc3 Rad8 17. Ne4 f5 18. Nc3 b5 19. Ne2 Ne6 20. Qd2 Nac5 21. cxb5
Ne4 22. bxc6 Nxd2 23. cxd7 Nxf1 24. Rxf1 Rxd7 25. Rd1 Rfd8 26. Nd2 Bxe5 27. Nc4
Bf6 28. Ne3 Nxd4 29. Bxd4 Bxd4 30. Nc4 e5 31. Rc1 Kg7 32. Rc2 Kf6 33. b4 Rc8
34. Na3 Rxc2 35. Nxc2 Bb6 0-1

[Event "Mittelfrankenliga 05/06 (B1)"]
[Site "Mfr.2005/06-R7"]
[Date "2006.03.19"]
[Round "7.4"]
[White "Schoeller, Wolfgang"]
[Black "Metzenroth, Dieter"]
[Result "1/2-1/2"]
[WhiteElo "2003"]
[BlackElo "1855"]
[Annotator "SF Fürth1-Cadolzburg1"]
[PlyCount "120"]
[EventDate "2006.03.19"]
[SourceDate "2005.10.17"]

1. e4 c5 2. Nf3 d6 3. d4 cxd4 4. Nxd4 Nf6 5. f3 g6 6. c4 Bg7 7. Nc3 O-O 8. Be3
Nc6 9. Qd2 Bd7 10. Be2 a6 11. O-O Rc8 12. Rac1 Nxd4 13. Bxd4 Bc6 14. b4 Ra8 15.
Qe3 Qb8 16. a4 e5 17. Bb6 Nd7 18. b5 axb5 19. cxb5 Nxb6 20. Qxb6 Bd7 21. Rfd1
Bh6 22. Nd5 Be6 23. Rc4 Bxd5 24. Rxd5 Rd8 25. Kf1 Qa7 26. Qxa7 Rxa7 27. Bd1 Be3
28. Rd3 Bb6 29. Bb3 Kf8 30. Ke2 Ke7 31. Rdc3 f6 32. Rc8 Ra8 33. Rxd8 Rxd8 34.
Bd5 Rb8 35. Kd3 Kd7 36. Kc2 Ba5 37. Rc4 Bb6 38. Kb3 Bc5 39. h3 Ke7 40. b6 Bxb6
41. Rb4 Ba5 42. Rxb7+ Rxb7+ 43. Bxb7 Kd7 44. Kc4 Kc7 45. Bd5 h6 46. Bf7 g5 47.
Kd5 Kd7 48. Be6+ Ke7 49. Bf5 Be1 50. Kc6 Bd2 51. Kb5 Kd8 52. a5 Kc7 53. Be6 h5
54. Bb3 h4 55. Ba4 Be3 56. Kc4 Kb7 57. Bb5 Bd2 58. a6+ Kb6 59. Kd5 Bb4 60. Ke6
Bd2 1/2-1/2

[Event "Mittelfrankenliga 05/06 (B1)"]
[Site "Mfr.2005/06-R7"]
[Date "2006.03.19"]
[Round "7.6"]
[White "Thiele, Heinz[56]"]
[Black "Truempelmann, Jochen"]
[Result "1/2-1/2"]
[WhiteElo "1994"]
[BlackElo "1947"]
[Annotator "SF Fürth1-Cadolzburg1"]
[PlyCount "120"]
[EventDate "2006.03.19"]
[SourceDate "2005.10.17"]

1. c4 c5 2. Nc3 Nc6 3. g3 g6 4. Bg2 Nf6 5. Nf3 Bg7 6. O-O O-O 7. d4 cxd4 8.
Nxd4 a6 9. b3 e5 10. Nc2 Rb8 11. Ba3 Re8 12. Bd6 Ra8 13. Qd2 b6 14. Rad1 Bb7
15. Ne3 Na5 16. Ned5 Bxd5 17. Nxd5 Nxd5 18. Qxd5 Ra7 19. Rd2 Nb7 20. Ba3 d6 21.
Bxd6 Nxd6 22. Qxd6 Qc7 23. Rfd1 Bf8 24. Qd3 Bb4 25. Rc2 a5 26. a4 Kg7 27. h4
Re6 28. e3 Rd6 29. Bd5 Qe7 30. Qf1 e4 31. Rcc1 f5 32. Qh3 h5 33. Rd4 Bc5 34.
Rdd1 Qe5 35. Rc2 Re7 36. Kh1 Bb4 37. Qg2 Kf6 38. Qf1 Kg7 39. Kg2 Kf6 40. Qe2
Kg7 41. Rcc1 Ba3 42. Ra1 Bb4 43. Qc2 Kf6 44. Rab1 Kg7 45. Ba8 Red7 46. Rxd6
Qxd6 47. Qb2+ Qf6 48. Qxf6+ Kxf6 49. Bd5 Ke5 50. Rd1 Bc5 51. Kf1 Rd6 52. Ke2
Kf6 53. f3 exf3+ 54. Kxf3 Rd7 55. Re1 Re7 56. e4 fxe4+ 57. Bxe4 Re6 58. Rd1 Rd6
59. Bd5 Ke5 60. Rd2 Rf6+ 1/2-1/2

[Event "Mittelfrankenliga 05/06 (B1)"]
[Site "Mfr.2005/06-R7"]
[Date "2006.03.19"]
[Round "7.7"]
[White "Kollitz, Carsten"]
[Black "Dittmar, Thomas"]
[Result "0-1"]
[WhiteElo "1708"]
[BlackElo "1903"]
[Annotator "SF Fürth1-Cadolzburg1"]
[PlyCount "54"]
[EventDate "2006.03.19"]
[SourceDate "2005.10.17"]

1. e4 c6 2. d4 d5 3. Nc3 dxe4 4. Nxe4 Nf6 5. Nxf6+ exf6 6. Nf3 Bd6 7. h3 O-O 8.
Bd3 Re8+ 9. Be2 Qe7 10. Be3 f5 11. Qd3 f4 12. Bc1 Bf5 13. Qd2 Nd7 14. Ng1 Nf6
15. f3 Nd5 16. Qd1 Nb4 17. Kf1 Nxc2 18. Bd2 Nxa1 19. Qxa1 Rad8 20. Bc4 b5 21.
Be2 Bb4 22. Bxf4 Rxd4 23. g3 g5 24. g4 Bd3 25. Bxd3 Rxd3 26. Bg3 Qd7 27. Kg2
Rd1 0-1

[Event "Mittelfrankenliga 05/06 (B1)"]
[Site "Mfr.2005/06-R7"]
[Date "2006.03.19"]
[Round "7.8"]
[White "Berkovych, Igor"]
[Black "Kollitz, Alexander"]
[Result "1-0"]
[WhiteElo "1913"]
[BlackElo "1561"]
[Annotator "SF Fürth1-Cadolzburg1"]
[PlyCount "74"]
[EventDate "2006.03.19"]
[SourceDate "2005.10.17"]

1. Nf3 d5 2. d4 Nf6 3. Bg5 e6 4. Nbd2 Be7 5. e3 O-O 6. Bd3 b6 7. Ne5 Bb7 8. O-O
Nbd7 9. f4 c5 10. c3 Ne4 11. Bxe7 Qxe7 12. Nxd7 Qxd7 13. Nf3 f6 14. Nh4 Rae8
15. f5 e5 16. dxc5 Nxc5 17. Bc2 Rd8 18. Qh5 d4 19. exd4 exd4 20. Rad1 Qc6 21.
cxd4 Ne4 22. Bb3+ Rd5 23. Rfe1 Ng5 24. Nf3 Nf7 25. Bxd5 Qxd5 26. Re7 Ng5 27.
Qg4 Rf7 28. Re8+ Rf8 29. Rxf8+ Kxf8 30. Nxg5 fxg5 31. Qxg5 Qd7 32. f6 Kg8 33.
Qxg7+ Qxg7 34. fxg7 Kxg7 35. Kf2 Bd5 36. b3 a5 37. Rc1 a4 1-0

[Event "Mittelfrankenliga 05/06 (B1)"]
[Site "Mfr.2005/06-R7"]
[Date "2006.03.19"]
[Round "7.1"]
[White "Kroneder, Christian"]
[Black "Gueting, Jens"]
[Result "1-0"]
[WhiteElo "2077"]
[BlackElo "2169"]
[Annotator "Nbg.1911/1-Schwanstetten1"]
[PlyCount "43"]
[EventDate "2006.03.19"]
[SourceDate "2005.10.17"]

1. Nf3 d6 2. d4 g6 3. c4 Bg7 4. Nc3 Nd7 5. e4 e5 6. Be2 Ne7 7. Bg5 h6 8. Be3
O-O 9. Qd2 Kh7 10. g4 c6 11. h4 Qa5 12. Kf1 Nf6 13. Bxh6 Bxg4 14. Be3 Bxf3 15.
Bxf3 exd4 16. Bxd4 Neg8 17. h5 g5 18. h6 Nxh6 19. e5 dxe5 20. Qxg5 Rae8 21. Be3
Re6 22. Qf5+ 1-0

[Event "Mittelfrankenliga 05/06 (B1)"]
[Site "Mfr.2005/06-R7"]
[Date "2006.03.19"]
[Round "7.2"]
[White "Demburg, Dimitrij"]
[Black "Wittmann, Karl"]
[Result "1-0"]
[WhiteElo "1910"]
[BlackElo "2056"]
[Annotator "Nbg.1911/1-Schwanstetten1"]
[PlyCount "35"]
[EventDate "2006.03.19"]
[SourceDate "2005.10.17"]

1. e4 e5 2. Nc3 Nf6 3. g3 d5 4. exd5 Nxd5 5. Bg2 Nxc3 6. bxc3 Bc5 7. Ne2 Nc6 8.
Rb1 O-O 9. O-O Qd6 10. Kh1 f5 11. d4 exd4 12. Bf4 Qd7 13. cxd4 Nxd4 14. Nxd4
Bxd4 15. Qd3 c5 16. c3 Bf6 17. Qc4+ Qf7 18. Bd5 1-0